000 00555nam a2200229Ia 4500
003 OSt
005 20221006170135.0
006 a|||||r|||| 00| 0
007 ta
008 221006b |||||||| |||| 00| 0 eng d
024 _a1,271
037 _cTextual
040 _aFML
_cFML
_beng
041 _2eng
_aeng
082 _aT:(NR), K2
100 _aKraus Egon Ed.
_9679805
245 0 _aComparitive Music Education
260 _c1962
300 _ap.
_ccm.
942 _hT:(NR), K2
_cTEXL
_2CC
999 _c1123133
_d1123133